007910000a22001810004500090001400000245015600014650002000170650002500190650003000215651003000245653001800275041001600293100003500309942001300344773005800357999001700415952017700432 aARb0232510aDe plantis toxicariis e mundo novo tropicale commentationes XXXI: further ethnopharmacological notes on malpghiaceous plants of the northwestern Amazon14aBotánica936114aToxicología99270014aEtnofarmacología995856 4pAmazonia, Colombia992749 fMalpighiaceae0 aPortugués1 aEvans Schultes, Richard915229 cARTICULO1 tBotanical Museum Leaflets31203h2q133-137d1983g29 c11396d11396 001040718HEMEROTECAaBogotabBogotad2015-02-27eSchmidt, Nubia dehFuera de circulaciónl0oAR 02325p012738r2015-03-25 00:00:00t1w2015-03-25xDonaciónyARTICULO